000 00332nam a2200133Ia 4500
005 20260415144840.0
008 191201s2008 xx 000 0 und d
100 _aSharma, P.C.
245 2 _aA Text Book of Production Engineeing
260 _c2008
_bS Chand and Co. Ltd.
_aN.Delhi
300 _a983
650 _aME
942 _2ddc
_cBB
999 _c7296
_d7296